| 000 | 00426nam a2200157 a 4500 | ||
|---|---|---|---|
| 001 | 000041775 | ||
| 005 | 20201002035739.0 | ||
| 008 | 131017s1996 xxu 000 0 eng d | ||
| 020 | _a0446519081 | ||
| 040 |
_aDO-SdBNP _beng _cBNPHU |
||
| 082 |
_axxxxx _bxxxxx |
||
| 100 | 1 |
_aRedfield, James _967256 |
|
| 245 | 1 | 0 |
_aThe tenth insight / _cJames Redfield. |
| 260 |
_aNew York : _bWarner Books, _c1996. |
||
| 300 |
_a236 p. ; _c24 cm. |
||
| 999 |
_c41264 _d41264 |
||